Indian Kshatriyas once ruled from Bali to Baltic & Korea to Kaba, (Record no. 76638)
[ view plain ]
| 000 -LEADER | |
|---|---|
| fixed length control field | 00756cam a22002531 4500 |
| 001 - CONTROL NUMBER | |
| control field | sa 67007509 |
| 003 - CONTROL NUMBER IDENTIFIER | |
| control field | DLC |
| 005 - DATE AND TIME OF LATEST TRANSACTION | |
| control field | 20260227112416.0 |
| 008 - FIXED-LENGTH DATA ELEMENTS--GENERAL INFORMATION | |
| fixed length control field | 870902s1966 ii 000 0 eng |
| 010 ## - LIBRARY OF CONGRESS CONTROL NUMBER | |
| LC control number | sa 67007509 |
| 025 ## - OVERSEAS ACQUISITION NUMBER | |
| Overseas acquisition number | PL480:I-E-7400 |
| 035 ## - SYSTEM CONTROL NUMBER | |
| System control number | (OCoLC)16632739 |
| 040 ## - CATALOGING SOURCE | |
| Original cataloging agency | DLC |
| Transcribing agency | WaU |
| Modifying agency | DLC |
| 042 ## - AUTHENTICATION CODE | |
| Authentication code | premarc |
| 050 00 - LIBRARY OF CONGRESS CALL NUMBER | |
| Classification number | PK423 |
| Item number | .O2 |
| 100 1# - MAIN ENTRY--PERSONAL NAME | |
| Personal name | Oak, Purushottam Nagesh, |
| Dates associated with a name | 1917- |
| 245 10 - TITLE STATEMENT | |
| Title | Indian Kshatriyas once ruled from Bali to Baltic & Korea to Kaba, |
| Statement of responsibility, etc. | by P.N. Oak. |
| 260 ## - PUBLICATION, DISTRIBUTION, ETC. | |
| Place of publication, distribution, etc. | [New Delhi] |
| Date of publication, distribution, etc. | 1966. |
| 300 ## - PHYSICAL DESCRIPTION | |
| Extent | 24 p. |
| Dimensions | 25 cm. |
| 440 #0 - SERIES STATEMENT/ADDED ENTRY--TITLE | |
| Title | Rai Bahadur Edal Singh memorial lectures, |
| Volume/sequential designation | series 2 |
| 500 ## - GENERAL NOTE | |
| General note | Cover title. |
| 650 #0 - SUBJECT ADDED ENTRY--TOPICAL TERM | |
| Topical term or geographic name entry element | Sanskrit language |
| General subdivision | Words |
| -- | History. |
| 650 #0 - SUBJECT ADDED ENTRY--TOPICAL TERM | |
| Topical term or geographic name entry element | Civilization |
| General subdivision | Hindu influences. |
No items available.